Statistics for Türkiye'deki En Büyük 20 Şirket

Click here to take the quiz!

General Stats

  • This quiz has been taken 105 times
  • The average score is 5 of 20

Answer Stats

SektörŞirket% Correct
Seyahat / TaşımacılıkTürk Hava Yolları
71%
PetrolOpet
45%
PetrolPetrol Ofisi
45%
Ev AletleriArçelik
44%
EnerjiEnerjiSA
39%
OtomotivTOFAŞ
36%
PerakendeBİM
34%
OtomotivFord
31%
PerakendeMigros
29%
Petrol / DoğalgazTürkiye Petrol Rafinerileri A.Ş. (TÜPRAŞ)
28%
Petrol / DoğalgazSOCAR Türkiye
15%
İnşaatENKA
6%
Metal Döküm ve İşlemeERDEMİR
6%
EnerjiEÜAŞ
5%
KuyumculukAhlatcı Kuyumculuk
3%
KuyumculukAhlatcı Metal Rafineri
3%
GıdaAnadolu Efes
3%
EnerjiEnerji Piyasaları İşletme A.Ş. (EPİAŞ)
3%
MetalNadir Metal Rafineri
3%
Petrol / DoğalgazSTAR Rafineri
2%

Score Distribution

Percentile by Number Answered

Percent of People with Each Score

Your Score History

You have not taken this quiz